| 000 | 07607cam a22021014i 4500 | ||
|---|---|---|---|
| 003 | PE-LiUPU | ||
| 005 | 20250813165610.0 | ||
| 008 | 150623s2002 mx a rb 000 0 spa d | ||
| 020 | _a9701038185 | ||
| 020 | _a9789701038185 | ||
| 035 | _a(Sirsi) i9789701038185 | ||
| 040 |
_aPE-LiUPU _bspa _cPE-LiUPU _dPE-LiUPU _erda |
||
| 049 | _aPRUA | ||
| 082 | 0 | 4 |
_a610.736 _bS29 _220 |
| 082 | 0 | 4 |
_a610.7362 _bSCH31 2002 |
| 100 | 1 |
_aSchulte, Elizabeth B., _eautor. |
|
| 245 | 1 | 0 |
_aEnfermería pediátrica de Thompson / _cElizabeth B. Schulte, Debra L. Price, Julie E. Gwin. |
| 250 | _a8a edición. | ||
| 264 | 1 |
_aMéxico : _bMcGraw-Hill Interamericana, _c2002. |
|
| 300 |
_a477 páginas : _bilustraciones ; _c28 centímetros. |
||
| 336 |
_atext _2rdacontent |
||
| 337 |
_aunmediated _2rdamedia |
||
| 338 |
_avolume _2rdacarrier |
||
| 504 | _aBibliografía al final de cada capítulo. | ||
| 505 | 0 | _aEvolución de la salud infantil -- Niños en crecimiento y sus familias -- Atención del niño hospitalizado -- El recién nacido -- El neonato de alto riesgo -- Trastornos del recién nacido -- El lactante -- Trastornos del lactante -- El niño en edad de caminar -- Trastornos del niño en edad de caminar -- El niño en edad preescolar -- Trastornos del niño en edad preescolar -- El niño en edad escolar -- Trastornos del niño en edad escolar -- El adolescente -- Trastornos del adolescente -- Procedimientos pediátricos -- Atención para el fin de la vida de un niño y para la familia. | |
| 526 | _aP203 | ||
| 526 | _aP200 | ||
| 526 | _aSEG65 | ||
| 526 | _aSEG64 | ||
| 526 | _aSEG63 | ||
| 526 | _aSEG62 | ||
| 526 | _aSEG61 | ||
| 526 | _aSEG60 | ||
| 526 | _aSEG59 | ||
| 526 | _aSEG58 | ||
| 526 | _aSEG57 | ||
| 526 | _aSEG56 | ||
| 526 | _aSEG55 | ||
| 526 | _aSEG54 | ||
| 526 | _aSEG53 | ||
| 526 | _aSEG52 | ||
| 526 | _aSEG51 | ||
| 526 | _aSEG50 | ||
| 526 | _aSEG49 | ||
| 526 | _aSEG48 | ||
| 526 | _aSEG47 | ||
| 526 | _aSEG46 | ||
| 526 | _aSEG24 | ||
| 526 | _aSEG23 | ||
| 526 | _aSEG22 | ||
| 526 | _aSEG21 | ||
| 526 | _aSEG20 | ||
| 526 | _aSEG19 | ||
| 526 | _aSEG18 | ||
| 526 | _aSEG17 | ||
| 526 | _aSEG16 | ||
| 526 | _aSEG14 | ||
| 526 | _aSEG13 | ||
| 526 | _aSEG12 | ||
| 526 | _aSEG11 | ||
| 526 | _aSEG10 | ||
| 526 | _aSEG09 | ||
| 526 | _aSEG06 | ||
| 526 | _aSEG05 | ||
| 526 | _aSEG04 | ||
| 526 | _aSEG03 | ||
| 526 | _aSEG02 | ||
| 526 | _aSEG68 | ||
| 526 | _aSEG66 | ||
| 526 | _aSEG45 | ||
| 526 | _aSEG25 | ||
| 526 | _aSEG01 | ||
| 526 | _aP163 | ||
| 526 | _aP162 | ||
| 526 | _aP161 | ||
| 526 | _aP160 | ||
| 526 | _aP159 | ||
| 526 | _aP158 | ||
| 526 | _aP157 | ||
| 526 | _aP156 | ||
| 526 | _aP155 | ||
| 526 | _aP154 | ||
| 526 | _aP153 | ||
| 526 | _aP152 | ||
| 526 | _aP151 | ||
| 526 | _aP150 | ||
| 526 | _aP149 | ||
| 526 | _aP142 | ||
| 526 | _aP141 | ||
| 526 | _aP140 | ||
| 526 | _aP139 | ||
| 526 | _aP138 | ||
| 526 | _aP137 | ||
| 526 | _aP132 | ||
| 526 | _aP131 | ||
| 526 | _aP130 | ||
| 526 | _aP126 | ||
| 526 | _aP125 | ||
| 526 | _aP124 | ||
| 526 | _aP123 | ||
| 526 | _aP115 | ||
| 526 | _aP122 | ||
| 526 | _aP121 | ||
| 526 | _aP116 | ||
| 526 | _a P114 | ||
| 526 | _aP112 | ||
| 526 | _aP111 | ||
| 526 | _aP104 | ||
| 526 | _aP103 | ||
| 526 | _aP102 | ||
| 526 | _aP101 | ||
| 526 | _aP100 | ||
| 526 | _aP96 | ||
| 526 | _aP95 | ||
| 526 | _aP93 | ||
| 526 | _aP92 | ||
| 526 | _aP91 | ||
| 526 | _aP88 | ||
| 526 | _aP83 | ||
| 526 | _aP82 | ||
| 526 | _aP79 | ||
| 526 | _aP78 | ||
| 526 | _aP75 | ||
| 526 | _aP74 | ||
| 526 | _aP71 | ||
| 526 | _aP69 | ||
| 526 | _a P51 | ||
| 526 | _aP49 | ||
| 526 | _aP48 | ||
| 526 | _aP47 | ||
| 526 | _aP33 | ||
| 526 | _aP31 | ||
| 526 | _a P30 | ||
| 526 | _aP29 | ||
| 526 | _aP27 | ||
| 526 | _aP26 | ||
| 526 | _aP25 | ||
| 526 | _aP24 | ||
| 526 | _a P22 | ||
| 526 | _aP10 | ||
| 526 | _aP09 | ||
| 526 | _a P08 | ||
| 526 | _aP06 | ||
| 526 | _aP05 | ||
| 526 | _aP04 | ||
| 526 | _aP01 | ||
| 541 | _g001-0002690; | ||
| 541 | _g001-0002739; | ||
| 541 | _gOPS; | ||
| 541 | _gOPS; | ||
| 541 | _gOPS; | ||
| 541 | _gOPS; | ||
| 650 | 0 | 4 | _aEnfermería pediátrica. |
| 650 | 0 | 4 |
_aNiños _xCrecimiento. |
| 650 | 0 | 4 |
_aNiños _xCuidado e higiene. |
| 700 | 1 |
_aGwin, Julie E., _eautor. |
|
| 700 | 1 |
_aPrice, Debra L., _eautor |
|
| 942 |
_2ddc _cBOOK |
||
| 949 |
_a610.736 S29 _wDEWEY _c1 _i53278 _lCCODEBUL1 _mBUL _p25.00 _r0 _sY _tBOOK _u2015-6-24 _xSALUD _zUNKNOWN _0COMPRA _o.STAFF. Colección Ciencias de la Salud |
||
| 949 |
_a610.736 2 T48S _wDEWEY _c2 _i58756 _d2015-8-7 _e2015-7-31 _lCCODEBUL1 _mBUL _n1 _p20.00 _r0 _sY _tBOOK _u2015-6-24 _xSALUD _PP22 _0COMPRA _o.STAFF. Colección Ciencias de la Salud |
||
| 949 |
_a610.736 2 T48S _wDEWEY _c3 _i59056 _d2015-8-21 _e2015-8-20 _lCCODEBUL1 _mBUL _n3 _p29.00 _r0 _sY _tBOOK _u2015-6-24 _xSALUD _PP22 _0COMPRA _o.STAFF. Colección Ciencias de la Salud |
||
| 949 |
_a610.736 2 T48S _wDEWEY _c4 _i55865 _lCCODEBUL1 _mBUL _p26.00 _r0 _sY _tBOOK _u2015-6-24 _xSALUD _zUNKNOWN _0COMPRA _o.STAFF. Colección General |
||
| 949 |
_a610.736 2 T48S _wDEWEY _c5 _i55866 _lCCODEBUL1 _mBUL _p25.00 _r0 _sY _tBOOK _u2015-6-24 _xSALUD _zUNKNOWN _0COMPRA _o.STAFF. Colección Ciencias de la Salud |
||
| 949 |
_a610.736 S29 _wDEWEY _c6 _i53277 _d2015-9-6 _e2015-9-4 _lCCODEBUL1 _mBUL _n1 _p25.00 _r0 _sY _tBOOK _u2015-6-24 _xSALUD _zUNKNOWN _0COMPRA _o.STAFF. Colección General |
||
| 949 |
_a610.7362 SCH31 2002 _wDEWEY _c1 _iFJ06236 _lCCODEBUJ1 _mBUJ _p48.00 _r0 _sY _tBOOK _u2015-09-02 _xSALUD _PP22 _0COMPRA _o.STAFF. Colección General Juliaca |
||
| 949 |
_a610.7362 SCH31 2002 _wDEWEY _c4 _iFJ06237 _lCCODEBUJ1 _mBUJ _p48.00 _r0 _sY _tBOOK _u2015-09-17 _xSALUD _PP22 _0COMPRA _o.STAFF. Colección General Juliaca |
||
| 994 |
_aC0 _bPEPRU |
||
| 596 | _a1 3 | ||
| 999 |
_a610.736 S29 _wDEWEY _c35243 _i53278 _f2021-11-3 _g6 _lCCODEBUL1 _mBUL _p25.00 _r0 _sY _tBOOK _u2015-6-24 _xSALUD _zUNKNOWN _0COMPRA _o.STAFF. Colección Ciencias de la Salud _d35243 |
||
| 999 |
_a610.736 S29 _wDEWEY _c2 _i58756 _d2015-8-7 _e2015-7-31 _f2021-11-3 _g5 _lCCODEBUL1 _mBUL _n1 _p20.00 _r0 _sY _tBOOK _u2015-6-24 _xSALUD _zP22 _0COMPRA _o.STAFF. Colección Ciencias de la Salud |
||
| 999 |
_a610.736 S29 _wDEWEY _c3 _i59056 _d2015-8-21 _e2015-8-20 _f2021-11-3 _g6 _lCCODEBUL1 _mBUL _n3 _p29.00 _r0 _sY _tBOOK _u2015-6-24 _xSALUD _zP22 _0COMPRA _o.STAFF. Colección Ciencias de la Salud |
||
| 999 |
_a610.736 S29 _wDEWEY _c4 _i55865 _f2019-12-11 _g5 _lDISCARD _mBUL _p26.00 _r1 _sY _tBOOK _u2015-6-24 _xSALUD _zUNKNOWN _0COMPRA _o.STAFF. Colección Ciencias de la Salud |
||
| 999 |
_a610.736 S29 _wDEWEY _c5 _i55866 _d2019-6-26 _e2019-6-17 _f2021-11-3 _g6 _lCCODEBUL1 _mBUL _n2 _p25.00 _r0 _sY _tBOOK _u2015-6-24 _xSALUD _zUNKNOWN _0COMPRA _o.STAFF. Colección Ciencias de la Salud |
||
| 999 |
_a610.736 S29 _wDEWEY _c6 _i53277 _d2015-9-6 _e2015-9-4 _f2019-12-11 _g5 _lDISCARD _mBUL _n1 _p25.00 _r1 _sY _tBOOK _u2015-6-24 _xSALUD _zUNKNOWN _0COMPRA _o.STAFF. Colección Ciencias de la Salud |
||
| 999 |
_a610.7362 SCH31 2002 _wDEWEY _c1 _iFJ06236 _d2019-9-6 _f2022-1-25 _g3 _lCCODEBUJ1 _mBUJ _p48.00 _q1 _r0 _sY _tBOOK _u2015-9-2 _xSALUD _PP22 _0COMPRA _o.STAFF. Colección General Juliaca |
||
| 999 |
_a610.7362 SCH31 2002 _wDEWEY _c4 _iFJ06237 _d2018-3-28 _f2022-1-25 _g4 _lCCODEBUJ1 _mBUJ _p48.00 _q1 _r0 _sY _tBOOK _u2017-1-30 _xSALUD _PP22 _0COMPRA _o.STAFF. Colección General Juliaca |
||
| 980 |
_81 _gALBERTO SANCHEZ Responsable de Automatización |
||